Worlding Ecologies. Art, Science and Activism towards Climate Justice.
Guardat en:
| Altres autors: | , |
|---|---|
| Format: | Desconegut |
| Idioma: | anglès |
| Publicat: |
Amsterdam, Netherlands:
Valiz,
2024.
|
| Matèries: | |
| Etiquetes: |
Afegir etiqueta
Sense etiquetes, Sigues el primer a etiquetar aquest registre!
|
MARC
| LEADER | 00000 a2200000 4500 | ||
|---|---|---|---|
| 003 | CL-VaPUC | ||
| 005 | 20250327114014.0 | ||
| 008 | 250106t2024 ||||| |||| 00| 0 eng d | ||
| 999 | |c 445578 |d 445576 | ||
| 020 | |a 978-94-93246-34-8 | ||
| 040 | |c Pontificia Universidad Católica de Valparaíso | ||
| 082 | |2 22 |a 363.735 LEK 2024 | ||
| 100 | |a Lekkerkerk, Niekolaas Johannes |9 893525 |e editor | ||
| 245 | |a Worlding Ecologies. |b Art, Science and Activism towards Climate Justice. | ||
| 260 | |a Amsterdam, Netherlands: |b Valiz, |c 2024. | ||
| 300 | |a 256 páginas. | ||
| 583 | |k Yessy Díaz Vidal |c 20250106 | ||
| 650 | 0 | |9 428490 |a Cambio climático |x Desafíos ecológicos |v Estudios de casos | |
| 650 | 0 | |9 314181 |a Contaminación ambiental |x Activismo artístico | |
| 650 | 0 | |9 340695 |a Conservación del medio ambiente |x Arte y ecología | |
| 700 | |9 895066 |a Burgering, Eva |e editor | ||
| 942 | |2 ddc |c BK | ||
| 952 | |0 0 |1 0 |2 ddc |4 0 |6 363_735000000000000_LEK_2024 |7 0 |8 A |9 598826 |a BIBARQ |b BIBARQ |d 2025-01-03 |e 3 |g 48429.00 |i 5663778 |l 1 |o 363.735 LEK 2024 |p 5663778 |q 2025-06-09 |r 2025-05-09 |s 2025-05-09 |t 1 |v 48429.00 |w 2025-01-03 |y BK |k MAD | ||